000 00849nam a2200241 a 4500
001 000035010
005 20200930074038.0
008 111024s1962 mx 000 0 spa d
040 _aDO-SdBNP
_bspa
_cBNPHU
082 _axxxx
_bD226a
100 1 _aDart, Raymond A.
_960628
240 1 0 _aAdventures with the missing link
_lEspañol
245 1 0 _aAventuras con el eslabón perdido. /
_cRaymond A. Dart ; Dennis Graig ; traducción de Florentino M. Torner.
260 _aMéxico :
_bFondo de Cultura Económica,
_c1962.
300 _a382 p. :
_bil. ;
_c17 cm.
490 1 _aPopular
_v36
504 _aBibliografía : p.373-378
590 _aPerteneció a la biblioteca personal de Juan Isidro Jimenes Grullón
700 1 _aGraig, Dennis
_960629
700 1 _aTorner, Florentino M.,
_etd.
_945232
830 0 _aPopular
_v36
_913374
049 _aBNGR
999 _c34501
_d34501